You've got to be bidding (Record no. 81819)
[ view plain ]
| 000 -LEADER | |
|---|---|
| fixed length control field | 00904cab a22001935a 4500 |
| 001 - CONTROL NUMBER | |
| control field | L148396 |
| 008 - FIXED-LENGTH DATA ELEMENTS--GENERAL INFORMATION | |
| fixed length control field | 090914e20090904xxkd f 000 0 eng d |
| 035 ## - SYSTEM CONTROL NUMBER | |
| System control number | (Sirsi) u148396 |
| 041 0# - LANGUAGE CODE | |
| Language code of text/sound track or separate title | eng |
| 100 1# - MAIN ENTRY--PERSONAL NAME | |
| Personal name | Barnes, Yolande |
| 245 00 - TITLE STATEMENT | |
| Title | You've got to be bidding |
| 260 ## - PUBLICATION, DISTRIBUTION, ETC. | |
| -- | 2009 |
| 490 #0 - SERIES STATEMENT | |
| Series statement | Property Week |
| Volume/sequential designation | 75(36) 4 September 2009, 36(1) |
| 520 ## - SUMMARY, ETC. | |
| Summary, etc. | Savills' research reveals that the severe residential property shortage in many locations has created a boom in auction sales. Their analysis of auction buyers indicates that 67% of transactions at auction are cash purchases, the number of developers looking for small-scale plots is increasing and the amount of suitable property offered at auction is unmatched by many high-street agents. Charts. |
| 590 ## - LOCAL NOTE (RLIN) | |
| Local note | KA |
| 651 #4 - SUBJECT ADDED ENTRY--GEOGRAPHIC NAME | |
| Geographic name | United Kingdom |
| Chronological subdivision | |
| 690 ## - LOCAL SUBJECT ADDED ENTRY--TOPICAL TERM (OCLC, RLIN) | |
| Topical term or geographic name as entry element | PROPERTY-RESIDENTIAL PROPERTY-AUCTIONEERING RESIDENTIAL PROPERTY |
| 942 ## - ADDED ENTRY ELEMENTS (KOHA) | |
| Suppress in OPAC | 0 |
| Withdrawn status | Lost status | Source of classification or shelving scheme | Damaged status | Not for loan | Home library | Current library | Shelving location | Date acquired | Total Checkouts | Full call number | Barcode | Date last seen | Copy number | Price effective from | Koha item type |
|---|---|---|---|---|---|---|---|---|---|---|---|---|---|---|---|
| Dewey Decimal Classification | London | London | Journal article | 14/09/2009 | L148396 | 148396-1001 | 06/08/2019 | 1 | 06/08/2019 | Journal article |